|
|
|
|
| LEADER |
00000nam0a2200000 4500 |
| 001 |
338728 |
| 005 |
20231102005057.0 |
| 035 |
|
|
|a (RuTPU)RU\TPU\book\365232
|
| 090 |
|
|
|a 338728
|
| 100 |
|
|
|a 20171201d1975 km y0rusy50 ca
|
| 101 |
0 |
|
|a rus
|
| 102 |
|
|
|a RU
|
| 105 |
|
|
|a a g 001zy
|
| 200 |
1 |
|
|a Расчет и конструирование радиоизотопных радиационно-химических установок
|e справочник
|f под ред. Е. Е. Кулиша
|
| 210 |
|
|
|a Москва
|c Атомиздат
|d 1975
|
| 215 |
|
|
|a 272 с.
|c ил.
|
| 320 |
|
|
|a Библиогр.: с. 258-269
|
| 606 |
1 |
|
|a Радиационно-химические установки
|x Конструкция и расчет
|2 stltpush
|3 (RuTPU)RU\TPU\subj\31778
|9 54540
|
| 610 |
1 |
|
|a радиационно-химические установки
|
| 610 |
1 |
|
|a проектирование
|
| 610 |
1 |
|
|a ионизирующие излучения
|
| 610 |
1 |
|
|a применение
|
| 610 |
1 |
|
|a процессы
|
| 610 |
1 |
|
|a источники излучений
|
| 610 |
1 |
|
|a радиационная защита
|
| 610 |
1 |
|
|a гамма-установки
|
| 610 |
1 |
|
|a радиационная безопасность
|
| 610 |
1 |
|
|a твердофазные объекты
|
| 610 |
1 |
|
|a жидкие фазы
|
| 610 |
1 |
|
|a двухфазные системы
|
| 610 |
1 |
|
|a дозиметрия
|
| 610 |
1 |
|
|a качество
|
| 610 |
1 |
|
|a справочники
|
| 675 |
|
|
|a 66.085(035)
|v 4
|
| 702 |
|
1 |
|a Кулиш
|b Е. Е.
|4 340
|
| 801 |
|
1 |
|a RU
|b 63413507
|c 20171201
|
| 801 |
|
2 |
|a RU
|b 63413507
|c 20181023
|g RCR
|
| 942 |
|
|
|c BK
|